Blanco y Negro - Malú - Estadísticas

Estadísticas generales
  • Esta prueba ha sido intentada 63 veces
  • La puntuación promedio es 309 de 341
Estadísticas de respuestas
Respuesta % Correcto
blanco,
100%
blanco
100%
la
100%
negro
100%
100%
100%
tu
100%
vida
100%
Y
100%
y
100%
A
97%
a
97%
amo
97%
amor
97%
amor,
97%
dices
97%
digo
97%
en
97%
mi
97%
no
97%
No
97%
Si
97%
yo
97%
de
94%
del
94%
el
94%
dolor
94%
el
94%
eres
94%
Eres
94%
es
94%
frente
94%
hace
94%
hacerle
94%
inspira
94%
lo
94%
me
94%
Me
94%
opuestos
94%
perfectos,
94%
perfectos
94%
pesar
94%
polos
94%
que
94%
quien
94%
regalo
94%
Sol
94%
solo
94%
somos
94%
suficiente
94%
Te
94%
te
94%
tengo
94%
valor
94%
vengo
94%
voy,
94%
color
91%
con
91%
fuerza,
91%
fuerza
91%
llorar
91%
odio
91%
Pero
91%
91%
consolar
89%
daría?
89%
daría
89%
momentos
89%
pidas
89%
Dicen
86%
Por
86%
puedes
86%
sin
86%
vivo
86%
lado,
83%
siempre
83%
tus
83%
mis
80%
ti
80%
manos
77%
ya
77%
curas
74%
heridas,
74%
mundo
74%
regalaré
74%
reír
74%
al
71%
faltaron
71%
intentaría
71%
motivos
71%
puedo
71%
junto
69%
razones
69%
sobraron
69%
caricias
66%
sea
66%
sentir
66%
ahora
63%
más
63%
matas
63%
porque
63%
Contigo
60%
quieres,
60%
busco
57%
desesperadamente
57%
llevo
57%
mente
57%
Mientras
57%
Miro
57%
odias,
57%
contracorriente
54%
encuentra
54%
No se encontraron pruebas coincidentes
Distribución de puntuación
Porcentaje de gente con cada puntuación
Porcentaje por número respondido
Historial de tus puntuaciones
No has intentado esta prueba.